Villes de Aventuriers du Rails Europe - Statistiques

Statistiques générales
  • Ce quiz a été pris 73 fois
  • Le résultat moyen est 35 sur 47
Statistiques - réponses
Pays Ville % Correct
Pays-Bas Amsterdam
98%
Grèce Athina
98%
France Paris
98%
Italie Roma
98%
Espagne Barcelone
96%
Royaume-Uni London
96%
Espagne Madrid
96%
Hongrie Budapest
95%
France Marseille
95%
Allemagne Berlin
93%
Turquie Constantinople
93%
Portugal Lisboa
93%
Russie Moskva
93%
Pologne Warszawa
93%
Ukraine Kyiv
91%
Allemagne Munchen
91%
Russie Petrograd
91%
Suède Stockholm
91%
Autriche Wien
91%
Belgique Bruxelles
89%
Roumanie Bucuresti
88%
Croatie Zagrab
88%
Lettonie Riga
84%
Suisse Zurich
84%
Turquie Angora
82%
France Brest
80%
Bulgarie Sofia
80%
Lituanie Wilno
79%
Royaume-Uni Edinburgh
77%
Italie Venezia
75%
Italie Palermo
73%
Bosnie-Herzégovine Sarajevo
73%
Allemagne Frankfurt
70%
Danemark Kobenhavn
66%
Espagne Cadiz
63%
Allemagne Essen
55%
Pologne Danzig
54%
Espagne Pamplona
52%
France Dieppe
46%
Russie (Ukraine) Sevastopol
41%
Italie Brindisi
39%
Ukraine Kharkov
39%
Russie Sochi
39%
Turquie Erzurum
36%
Russie Rostov
34%
Russie Smolensk
29%
Turquie Smyrna
25%
Aucun quiz correspondant
Distribution des résultats
% des personnes avec chaque résultat
Percentile par nombre de réponses
Votre historique - résultats
Vous n’avez pas pris ce quiz